| 000 | 00613nam a22001937a 4500 | ||
|---|---|---|---|
| 005 | 2010080607037.0 | ||
| 010 | _aENG-98576 | ||
| 020 |
_a8187957093 _c150.00 |
||
| 035 | 1 | _aEN-82109 | |
| 037 | _bDBAD/PUB | ||
| 082 | _a633 | ||
| 100 |
_aPavadai,P _98013 |
||
| 245 |
_aCrop plants in India / _cby P Pavadai |
||
| 260 |
_aPoducherry _bVirat Publications _c2008 |
||
| 270 |
_a9 Main road Kumarapalayam _bPuducherry _e605502 |
||
| 300 |
_av,141p _c20cm(pbk) |
||
| 942 |
_2ddc _cEN _h633 _mPAV |
||
| 999 |
_c39894 _d39894 |
||